| 000 | 01270nam2a22002531 4500 | ||
|---|---|---|---|
| 001 | RU\NLR\A2V1719\12470 | ||
| 005 | 20251214191628.0 | ||
| 035 | _a(NLR Aleph) 009854270 | ||
| 090 |
_a13487843 _c13487843 |
||
| 100 | _a20100325d1740 u y0rusy50 ca | ||
| 101 | 0 | _alat | |
| 200 | 1 | _a... Dissertatio iuridica prima ... a. d. XXI. Octobris MDCCXXXX. ... respondente Christiano Gottlieb Webero Lind. Prusso. | |
| 210 | _d[1740] | ||
| 215 | _a[4], 16 с. | ||
| 461 | 1 |
_1001RU\NLR\A2V1719\12469 _12000И$aDe testamentaria circa corpus dispositione dissertatio iuridica prima [-tertia] ... publicae disquisitioni proposita a Iacobo Henrico Kurella I.U.D. ...$v[1] _1700#1$6z01790$aKurella$bJ.H.$f1713-1764$gJacob Heinrich$4070 _910358840 _aKurella, J.H. (1713-1764) _cRegiomonti [Kaliningrad] _d[1740-1743] _ntypis Reusnerianis _tDe testamentaria circa corpus dispositione dissertatio iuridica prima [-tertia] ... publicae disquisitioni proposita a Iacobo Henrico Kurella I.U.D. ... _v[1] |
|
| 702 | 1 |
_6z01790 _aWeber _bCh.G. _f- до 1781 _gChristian Gottlieb _4070 |
|
| 790 | 1 |
_6z01702 _aWeberus _gChristianus Gottlieb _4070 |
|
| 801 | 0 |
_aRU _bNLR _c20100325 |
|
| 852 |
_aNLR _j10.20.8.4 Аллиг.1 |
||
| 942 | _cBOOK | ||
| 980 | _ain1719v | ||
| 980 | _aNB | ||